000 00319cam a22001217a 4500
008 180718b2000 xxu||||| |||| 00| 0 eng d
020 _a8187854014
100 _aBarun Kumar
245 _aBhoogolik chintan ki roop-rekha (Hindi)
_cby Barun Kumar
260 _aBhopal
_bGlob
_c2000
300 _a221p.
650 _aGeography
999 _c493450
_d493450